第91回東京優駿 出走馬 - Statistics

General Stats
  • This quiz has been taken 28 times
    27 since last reset
  • The average score is 9 of 17
Answer Stats
着順 枠番 馬番 馬名 性齢 騎手名 単勝
人気
% Correct
1 3 7 ダノンデサイル 牡3 横山典弘 9
95%
2 7 15 ジャスティンミラノ 牡3 戸崎圭太 1
91%
5 1 2 レガレイラ 牝3 C.ルメール 2
77%
6 3 6 コスモキュランダ 牡3 M.デムーロ 6
77%
3 7 13 シンエンペラー 牡3 坂井瑠星 7
73%
4 1 1 サンライズアース 牡3 池添謙一 15
68%
7 6 11 シュガークン 牡3 武豊 8
68%
11 4 8 アーバンシック 牡3 横山武史 4
59%
8 8 18 エコロヴァルツ 牡3 岩田康誠 17
45%
16 4 7 ミスタージーティー 牡3 藤岡佑介 13
45%
9 6 12 シックスペンス 牡3 川田将雅 3
41%
12 5 10 サンライズジパング 牡3 菅原明良 16
41%
14 5 9 ダノンエアズロック 牡3 J.モレイラ 5
32%
15 8 17 ショウナンラプンタ 牡3 鮫島克駿 12
32%
13 7 14 ゴンバデカーブース 牡3 松山弘平 11
27%
17 2 4 ビザンチンドリーム 牡3 西村淳也 10
27%
10 2 3 ジューンテイク 牡3 岩田望来 14
23%
No matching quizzes found
Score Distribution
Percent of People with Each Score
Percentile by Number Answered
Your Score History
You have not taken this quiz since the last reset